000 00533nam a2200169Ia 4500
008 090711s9999 xx 000 0 und d
082 _b50019
100 _aभालेराव अनंत
245 _aआलो यािSा कारणासी
260 _c1985
300 _a154
600 _aभालेराव अनंत
630 _aआलो यािSा कारणासी
700 _aभालेराव अनंत
730 _aआलो यािSा कारणासी
942 _cBOOK
999 _c287005
_d287005